Catálogo público

Estudio de factibilidad para la creación de un beneficio de café, en la Comunidad de Nanacatlán, Puebla / (Record no. 218672)

MARC details
000 -CABECERA
campo de control de longitud fija 02479nam a2200301 a 4500
003 - IDENTIFICADOR DEL NÚMERO DE CONTROL
campo de control OSt
005 - FECHA Y HORA DE LA ÚLTIMA TRANSACCIÓN
campo de control 20251111142855.0
007 - CAMPO FIJO DE DESCRIPCIÓN FÍSICA--INFORMACIÓN GENERAL
campo de control de longitud fija cr ||||||a|c|a
008 - DATOS DE LONGITUD FIJA--INFORMACIÓN GENERAL
campo de control de longitud fija 230503s2019 mx a|||fom||| 001 0 spa d
040 ## - FUENTE DE LA CATALOGACIÓN
Normas de descripción rda
100 1# - ENTRADA PRINCIPAL--NOMBRE DE PERSONA
9 (RLIN) 186892
Nombre de persona Pérez Velázquez, Luis donaldo
245 1# - MENCIÓN DE TÍTULO
Título Estudio de factibilidad para la creación de un beneficio de café, en la Comunidad de Nanacatlán, Puebla /
Mención de responsabilidad, etc. por Luis Donaldo Pérez Velázquez; director de tesis Braulio Morales Morales.
264 #1 - PRODUCCIÓN, PUBLICACIÓN, DISTRIBUCIÓN, FABRICACIÓN Y COPYRIGHT
Producción, publicación, distribución, fabricación y copyright Chapingo, México :
Nombre del de productor, editor, distribuidor, fabricante El autor,
Fecha de producción, publicación, distribución, fabricación o copyright 2019.
300 ## - DESCRIPCIÓN FÍSICA
Extensión 1 recurso en línea (105 páginas):
Otras características físicas figuras, gráficas, tablas.
336 ## - TIPO DE CONTENIDO
Fuente rdacontent
Término de tipo de contenido texto
Código de tipo de contenido txt
337 ## - TIPO DE MEDIO
Fuente rdamedia
Nombre/término del tipo de medio computadora
Código del tipo de medio c
338 ## - TIPO DE SOPORTE
Fuente rdacarrier
Nombre/término del tipo de soporte recurso en línea
Código del tipo de soporte cr
502 ## - NOTA DE TESIS
Tipo de título Licenciatura en Economía
Nombre de la institución que otorga el título División de Ciencias Económico Administrativas,
Año de obtención del título 2019.
Información miscelánea Licenciatura
504 ## - NOTA DE BIBLIOGRAFÍA, ETC.
Nota de bibliografía, etc. Incluye referencias bibliográficas: páginas 96-97.
520 ## - SUMARIO, ETC.
Sumario, etc. El grano del cafeto es considerado como un producto básico con una importancia singular para la economía de numerosos países productores, ya que dependen en gran medida de su exportación. Para esto el café debe pasar por un proceso que involucra a productores, beneficiadores, comercializadores, etc. El presente trabajo de tesis tiene como objetivo evaluar la rentabilidad y factibilidad de la creación de un beneficio húmedo y seco de café denominado “MALHAT CAPEN S.P.R de R.L”, dedicada a la transformación de café cereza a café oro en la comunidad de Nanacatlán, Puebla. La rentabilidad del proyecto se obtuvo de un análisis financiero a una tasa de actualización del 16% de acuerdo a los siguientes indicadores financieros: Valor Actual Neto de $ 231,042, Tasa Interna de Retorno con un resultado de 18%, y una Relación Beneficio Costo de 1.03, en base a estos indicadores el proyecto se considera técnica, financiera y productivamente viable con una capacidad limitada de producción y su creación impactará en el proceso de transformación de café; teniendo las mejores retribuciones económicas a los productores por la comercialización de su producto con calidad de exportación.
650 #4 - PUNTO DE ACCESO ADICIONAL DE MATERIA--TÉRMINO DE MATERIA
9 (RLIN) 131340
Término de materia o nombre geográfico como elemento de entrada Café
Subdivisión general Análisis costo-beneficio
650 #4 - PUNTO DE ACCESO ADICIONAL DE MATERIA--TÉRMINO DE MATERIA
9 (RLIN) 17106
Término de materia o nombre geográfico como elemento de entrada Café
Subdivisión general Aspectos económicos
-- Puebla
650 #4 - PUNTO DE ACCESO ADICIONAL DE MATERIA--TÉRMINO DE MATERIA
9 (RLIN) 17196
Término de materia o nombre geográfico como elemento de entrada Café
Subdivisión general Rendimiento
650 #4 - PUNTO DE ACCESO ADICIONAL DE MATERIA--TÉRMINO DE MATERIA
9 (RLIN) 17208
Término de materia o nombre geográfico como elemento de entrada Café
Subdivisión general Variedades
700 1# - PUNTO DE ACCESO ADICIONAL--NOMBRE DE PERSONA
9 (RLIN) 78345
Nombre de persona Morales Morales, Braulio
Término indicativo de función/relación director.
856 ## - LOCALIZACIÓN Y ACCESO ELECTRÓNICOS
Identificador Uniforme del Recurso http://10.13.5.2/tesis/tl/Perez_Velazquez_Luis_Donaldo.pdf
Nota pública DESCARGAR PDF
942 ## - ELEMENTOS DE PUNTO DE ACCESO ADICIONAL (KOHA)
Fuente del sistema de clasificación o colocación Clasificación Universidad Autónoma Chapingo
Tipo de ítem Koha Tesis digital
Holdings
Estado de retiro Estado de pérdida Fuente del sistema de clasificación o colocación Estado dañado Restricciones de uso No para préstamo Código de colección Localización permanente Ubicación/localización actual Ubicación en estantería Fecha de adquisición Total de préstamos Signatura topográfica completa Fecha visto por última vez Precio válido a partir de Tipo de ítem Koha
    Clasificación Universidad Autónoma de Chapingo   Préstamo interno   Tesis digitales de Licenciatura Biblioteca Digital Biblioteca Digital En línea 03/05/2023   Tesis digital 03/05/2023 03/05/2023 Tesis digital